| 000 | 00701nam a2200193 4500 | ||
|---|---|---|---|
| 008 | 020114s1984 us 0 eng | ||
| 020 | _a0806688742 | ||
| 090 |
_aBS2341.2 _bAu4 _bPastEp |
||
| 100 | 1 | _aHultgren, Arland J. | |
| 245 | 1 | 0 |
_a1-2 Timothy, Titus, 2 Thessalonians / _cArland J. Hultgren, Roger Aus. |
| 260 |
_aMinneapolis : _bAugsburg, _cc1984. |
||
| 300 | _a223 p. | ||
| 490 | 1 | _aAugsburg commentary on the New Testament | |
| 504 | _aIncludes bibliographical references | ||
| 650 | 4 |
_aBible. N.T. Pastoral Epistles _xCommentaries. |
|
| 651 | 4 |
_aBible. N.T. Thessalonians, 2nd _xCommentaries. |
|
| 700 | 1 | _aAus, Roger | |
| 951 |
_p17840 _oBS2341.2/Au4/PastEp _j070613111036562 _d2000-12-21 _cREF |
||
| 999 |
_c8491 _d8491 |
||